000 00771nam a2200289Ia 4500
005 20260324141335.0
008 008 260324s9999 xx 000 0 eng d
020 _a9781315703091
037 _aEBOOK
040 _aCRL
040 _beng
040 _cCRL
041 _2eng
041 _aeng
084 _qCRL
100 _aMichael Palma; Johann Gottfried Herder; Ernest A. Menze; Ernest A. Menze; Michael Palma; Hans Adler
_91207828
245 0 _aJohann Gottfried Herder on World History: An Anthology
245 3 _bAn Anthology
260 _bTaylor and Francis
260 _c1997
365 _a
365 _b255
856 _uhttp://www.taylorfrancis.com/books/9781315703091
942 _cEBOOK
999 _c1810805
_d1810805